Ukraine energy policy review 2006

Enregistré dans:
Détails bibliographiques
Collectivité auteur: OECD. International Energy Agency
Format: Livre
Langue:anglais
Publié: Paris OECD 2006
Sujets:
Tags: Ajouter un tag
Pas de tags, Soyez le premier à ajouter un tag!

MARC

LEADER 00000nam$a2200000$$$4500
001 0051911
005 20240315121402.6
020 |a 92-64-10991-9 
041 0 |a eng 
044 |a FR 
245 1 0 |a Ukraine  |b energy policy review 2006 
264 1 |a Paris  |b OECD  |c 2006 
300 |a 379 s. 
610 2 0 |a Ukrajina 
610 2 0 |a energetika 
610 2 0 |a energia 
610 2 0 |a trh energetický 
610 2 0 |a hospodárstvo energetické 
610 2 0 |a zdroje energetické 
610 2 0 |a preprava 
710 2 |a OECD. International Energy Agency